| 000 | 01145cam a2200349 a 4500 | ||
|---|---|---|---|
| 001 | 2917344 | ||
| 003 | OSt | ||
| 005 | 20140310182152.0 | ||
| 008 | 880720s1988 nyuaf j 000 0aeng | ||
| 010 | _a 88163487 | ||
| 020 |
_a0671634526 (pbk.) : _c$2.75 |
||
| 040 |
_aDLC _cDLC _dDLC |
||
| 042 | _alcac | ||
| 043 | _an-us--- | ||
| 050 | 0 | 0 |
_aTL 789.85 _b.B36 1988 |
| 082 | 0 | 0 |
_a629.45/0092/4 _aB _aHS 808.8387 _bB37 1988 |
| 100 | 1 |
_aBean, Alan _d1932- _915792 |
|
| 245 | 1 | 0 |
_aMy life as an astronaut / _cAlan Bean as told to Beverly Fraknoi. |
| 260 |
_aNew York, N.Y. : _bPocket Books, _cc1988. |
||
| 300 |
_a105 p. : _bill. ; _c20 cm. |
||
| 490 | 0 | _aA Minstrel paperback original | |
| 600 | 1 | 0 |
_aBean, Alan, _d1932- _vJuvenile literature. _915793 |
| 600 | 1 | 1 |
_aBean, Alan, _d1932- _915794 |
| 650 | 0 |
_aAstronauts _zUnited States _vBiography _vJuvenile literature. _915795 |
|
| 650 | 1 |
_aAstronauts. _915796 |
|
| 650 | 1 |
_aArtists. _915797 |
|
| 700 | 1 |
_aFraknoi, Beverly. _915798 |
|
| 906 |
_a7 _bcbc _corignew _d2 _encip _f19 _gy-gencatlg |
||
| 942 |
_2lcc _cHS |
||
| 999 |
_c10028 _d10028 |
||